000
00417nam a2200145Ia 4500
008
100204s9999 xx 000 0 und d
082
_b
14935
100
_a
खेर भा. द..
245
_a
आनंदभवन
260
_b
"निरंजन प्रकाशन , पुणे 4"
_c
1991 3
300
_a
454
630
_a
आनंदभवन
730
_a
आनंदभवन
942
_c
BOOK
999
_c
459366
_d
459363